| 000 | 01031nam a22003137a 4500 | ||
|---|---|---|---|
| 001 | 9946 | ||
| 003 | FISKH | ||
| 005 | 20260319091340.0 | ||
| 008 | 260319b cb ||||| |||| 00| 0 eng d | ||
| 020 | _a9780061978630 | ||
| 040 |
_aFISKH _beng _cFISKH _dFISKH |
||
| 050 | _aPZ7 .S4334 .S | ||
| 082 | _a823.93 | ||
| 100 | _aScotton , Rob | ||
| 245 |
_aSplat the cat what was that ? / _cBased on the creation of ROb Scotton |
||
| 250 | _aFirst Edition | ||
| 260 |
_aNew York : _bHarperCollins Publishers , _c2013 . |
||
| 300 |
_a22 unnumbered pages : _bcolor illustrations ; _c20 X 20 cm . |
||
| 490 | _aSplat the Cat (Lift-the-Flap Books — 3) | ||
| 505 | _aJ | ||
| 520 | _a"Splat the Cat celebrates Halloween in this fun lift-the-flap book!" -- p. 4 of cover. | ||
| 521 | 8 |
_a500
_bLexile AD |
|
| 521 | 8 |
_aJ
_bRaz-Plus |
|
| 650 |
_aLift the flap _vJuvenile Literature |
||
| 650 |
_aHolidays _vJuvenile Literature |
||
| 700 |
_aMerkel , Joe _eIllustrator |
||
| 942 |
_2ddc _cBK _n0 |
||
| 999 |
_c9946 _d9946 |
||